1499 1691 1734 1643 1052 1240 1195 1894 1949 1548 1605 1637 1961 1904 1110 1061 1075 1712 1427 1836 1898 1626 1691 1154 1488 1541 1780 1475 1020 1086 1494 1740 1901 1379 1806 1807 1290 1796 1953 1620 1652 1533 1337 1171 1387 1489 1406 1451 1680 1634 1043 1189 1874 1315 1935 1266 1095 1018 1808 1791 1448 1077 1508 1160 1357 1674 1235 1736 1848 1936 1987 1369 1000 1515 1577 1004 1586 1879 1609 1282 1834 1368 1820 1179 1155 1449 1315 1223 1205 1125 1044 1807 1210 1725 1725 1786 1964 1628 1257 BCNSPRNW ULIB Ver.6.0+V

เปลี่ยนเป็นภาษาไทย

Change to English
 แสดงรายละเอียดบรรณานุกรม
  กลับหน้าหลัก

Brief Record : Get Marc (ISO 2709) : E-mail record : QR code < ปิดหน้าต่าง
LEADER : 00000nam 2200000uu 4500
001    13399108778
003     ULIB
008    110314s2543||||th 000 0 tha d
020    9742826722
060  4 W50^bก527ก
100 0  พระโพธิ์ จันทสโร
245 00 การให้ผู้ป่วยที่สิ้นหวังตายอย่างสงบ /^cพระอาจารย์ โพธิ์จันทสโร
260    กรุงเทพฯ :^bวิญญูชน,^c2543
300    133 หน้า :^bภาพประกอบ.
500    งานสัมมนาวิชาการ ศาสตราจารย์จิตติ ติงศภัทิย์
650  7 การุณยฆาต
650  7 การตาย^xแง่การแพทย์
650  7 ผู้ป่วย^xการดูแล
650  7 ทัศนคติต่อการตาย
945    ^p85^l0^i013827
945    ^p85^l0^i013828
945    ^p85^l0^i013826
995    ทศพร
999 ^a ใช้งานได้ทุกระบบ
รายการนี้ยังไม่มีแท็ก
คุณยังไม่ได้ล็อกอิน คุณสามารถมีกิจกรรมร่วมกับเว็บไซต์ได้ แต่ต้องล็อกอินก่อน ::
  ล็อกอิน

รายการสื่อสารสนเทศ

ลำดับที่ ประเภท เลขเรียก/บาร์โค้ด สถานที่ สถานะ
- ไม่พบข้อมูล -

รายการใกล้เคียง
    หัวเรื่อง [ผู้ป่วย การดูแล]
    หัวเรื่อง [ทัศนคติต่อการตาย]

BibComment


ยังไม่เคยถูกคอมเมนท์

คอมเมนท์ทรัพยากรรายการนี้
  คอมเมนท์: การให้ผู้ป่วยที่ส..


 Copyright 2026. Bcnsprnw @Library